Trasplante hepático / (Record no. 60699)
[ view plain ]
| 000 -CABECERA | |
|---|---|
| campo de control de longitud fija | 01798nab a2200301 i 4500 |
| 003 - IDENTIFICADOR DEL NÚMERO DE CONTROL | |
| campo de control | DO-SdBNP |
| 005 - FECHA Y HORA DE LA ÚLTIMA TRANSACCIÓN | |
| campo de control | 20260511093904.0 |
| 007 - CAMPO FIJO DE DESCRIPCIÓN FÍSICA--INFORMACIÓN GENERAL | |
| campo de control de longitud fija | ta |
| 008 - DATOS DE LONGITUD FIJA--INFORMACIÓN GENERAL | |
| campo de control de longitud fija | 260511e2013 dr un|p|r||||||0| | spa d |
| 040 ## - FUENTE DE LA CATALOGACIÓN | |
| Centro catalogador/agencia de origen | DO-SdBNP |
| Lengua de catalogación | spa |
| Centro/agencia transcriptor | BNPHU |
| Normas de descripción | rda |
| 041 ## - CÓDIGO DE LENGUA | |
| Código de lengua del texto/banda sonora o título independiente | spa |
| 100 ## - ENTRADA PRINCIPAL--NOMBRE DE PERSONA | |
| Nombre de persona | Olier, Isis |
| 9 (RLIN) | 89514 |
| Término indicativo de función/relación | doctora |
| 245 ## - MENCIÓN DE TÍTULO | |
| Título | Trasplante hepático / |
| Mención de responsabilidad, etc. | Isis Olier. |
| 264 ## - PRODUCCIÓN, PUBLICACIÓN, DISTRIBUCIÓN, FABRICACIÓN Y COPYRIGHT | |
| Producción, publicación, distribución, fabricación y copyright | Santo Domingo, República Dominicana : |
| Nombre del de productor, editor, distribuidor, fabricante | Centro-Neuro-Oftalmológico y de Trasplante (CECANOT), |
| Fecha de producción, publicación, distribución, fabricación o copyright | 2013. |
| 300 ## - DESCRIPCIÓN FÍSICA | |
| Extensión | página 5 : |
| Otras características físicas | ilustraciones, fotografías ; |
| Dimensiones | 28 cm. |
| 310 ## - PERIODICIDAD ACTUAL | |
| Periodicidad actual | Desconocida. |
| 336 ## - TIPO DE CONTENIDO | |
| Término de tipo de contenido | texto |
| Código de tipo de contenido | txt |
| Fuente | rdacontent |
| 337 ## - TIPO DE MEDIO | |
| Nombre/término del tipo de medio | sin mediación |
| Código del tipo de medio | n |
| Fuente | rdamedia |
| 338 ## - TIPO DE SOPORTE | |
| Nombre/término del tipo de soporte | volumen |
| Código del tipo de soporte | nc |
| Fuente | rdacarrier |
| 362 ## - FECHAS DE PUBLICACIÓN Y/O DESIGNACIÓN SECUENCIAL | |
| Fecha de publicación y/o designación secuencial | Volumen 3, (Año 2013). |
| 520 ## - SUMARIO, ETC. | |
| Sumario, etc. | El trasplante hepático es una modalidad terapéutica que consiste en un conjunto de actividades secuenciales para el tratamiento médico-quirurgico al paciente afectado de una enfermedad hepática crónica avanzada o aguda irreversible, que es evaluado e incluido en listas de espera para sustituir su hígado enfermo por un hígado sano, parcial o totalmente, cadavérico o un donante vivo con el objetivo de normalizar la función hepatica y mejorar su calidad de vida. |
| 521 ## - NOTA DE PÚBLICO DESTINATARIO | |
| Nota de público destinatario | El trasplante hepático no solo representa una magnifica herramienta asistencial, sino que también representa una gran mejora en nuestro sistema de salud. |
| 650 #0 - PUNTO DE ACCESO ADICIONAL DE MATERIA--TÉRMINO DE MATERIA | |
| Término de materia o nombre geográfico como elemento de entrada | Trasplante hepático |
| 9 (RLIN) | 89516 |
| Subdivisión de forma | Publicaciones periódicas |
| Subdivisión geográfica | República Dominicana |
| 650 #0 - PUNTO DE ACCESO ADICIONAL DE MATERIA--TÉRMINO DE MATERIA | |
| Término de materia o nombre geográfico como elemento de entrada | Enfermedades hepáticas |
| 9 (RLIN) | 3266 |
| Subdivisión de forma | Publicaciones periódicas |
| Subdivisión geográfica | República Dominicana |
| 650 #0 - PUNTO DE ACCESO ADICIONAL DE MATERIA--TÉRMINO DE MATERIA | |
| Término de materia o nombre geográfico como elemento de entrada | Hígado |
| 9 (RLIN) | 89517 |
| Subdivisión general | Enfermedades |
| Subdivisión de forma | Publicaciones periódicas |
| Subdivisión geográfica | República Dominicana |
| 773 0# - ENLACE AL DOCUMENTO FUENTE/ENTRADA DE REGISTRO ANFITRIÓN | |
| Número bibliográfico anfitrión | 60692 |
| Número de ítem anfitrión | 337470 |
| Encabezamiento principal | República Dominicana. |
| Otro identificador del documento | 2026-3633 |
| Título | Donación y trasplante / |
| Número de control del registro | (DR-UNIBE)48788 |
| 942 ## - ELEMENTOS DE PUNTO DE ACCESO ADICIONAL (KOHA) | |
| Fuente del sistema de clasificación o colocación | Dewey Decimal Classification |
| Tipo de ítem Koha | Publicación periódica |
No items available.
